Llwytho...

Law of consumer protection with leading cases& question bank

Manylion Llyfryddiaeth
Prif Awdur: Agrawal V.K
Fformat: Printed Book
Cyhoeddwyd: Bharat Law House Pvt. Ltd., New Delhi 2016
Rhifyn:03 Edition
Pynciau:
LEADER 00537nam a2200157 4500
082 |a 343.7 AGR.L 
100 |a Agrawal V.K 
245 |a Law of consumer protection with leading cases& question bank  |c Agrawal V.K 
250 |a 03 Edition 
260 |a Bharat Law House Pvt. Ltd., New Delhi  |c 2016 
300
490
650 |a Law of consumer protection,leading cases& question bank 
942 |c BK 
999 |c 130226  |d 130226 
952 |0 0  |1 0  |4 0  |6 343_700000000000000_AGR_L  |7 0  |9 143688  |a COM  |b COM  |l 0  |o 343.7 AGR.L  |p COM08222  |r 2019-10-24  |w 2019-10-24  |y BK